| 000 | 00770nam a2200229 a 4500 | ||
|---|---|---|---|
| 005 | 20140310183516.0 | ||
| 008 | 110110s19uu xx 00 eng d | ||
| 020 | _a9780316013544 | ||
| 050 |
_aHG 179 _b.K5653 2005 |
||
| 100 | _aKiyosaki, Robert T. | ||
| 245 |
_aEscape from the rat race : _bhow to become rich by following rich dad's advice / _cRobert T. Kiyosaki. |
||
| 260 |
_aNew York : _bLittle Brown and Company, _c2005. |
||
| 300 |
_a70 p. : _bcol. ill. ; _c23 cm. |
||
| 440 | _aRich dad's advisor | ||
| 521 | _aPSYCH | ||
| 650 | _aFinance, Personal-Juvinile literature. | ||
| 650 | _aInvestment-Juvenile literature. | ||
| 650 | _aFinancial security-Juvenile literature. | ||
| 700 | _awith Sharon L. Lechter | ||
| 942 |
_cBK _2lcc _kFOR |
||
| 999 |
_c24310 _d24310 |
||